| 000 | 01014nam a22001937a 4500 | ||
|---|---|---|---|
| 999 |
_c59207 _d59207 |
||
| 003 | Ge_BSU | ||
| 005 | 20221214111339.0 | ||
| 008 | 221214s1958ge xxu||||| |||| 00| 0 geo d | ||
| 041 | _ageo | ||
| 080 | _a94(479.22) ს-32 | ||
| 245 |
_aსაქართველოს ისტორია I _bუძველესი დროიდან XIX საუკუნის დასასრულმდე : დამხმარე სახელმძღვანელო / _cავტ: ნ. ბერძენიშვილი, ვ. დონდუა, მ. დუმბაძე და სხვ. |
||
| 264 |
_aთბილისი : _bსაბჭოთა საქართველო, _c1958. |
||
| 300 |
_a598 გვ;. _b22 სმ. |
||
| 653 | _aსაქართველოს ისტორია | ||
| 700 |
_a ბერძენიშვილი, ნ _916395 |
||
| 700 |
_aდონდუა, ვ _916396 |
||
| 700 |
_aდუმბაძე, მ და სხვ. _916397 |
||
| 942 |
_2udc _cBK |
||